|
|
|
|
| LEADER |
00751nam a2200265 4500 |
| 001 |
DLU090075621 |
| 005 |
##20090613 |
| 040 |
# |
# |
|a DLU
|b vie
|
| 041 |
# |
# |
|a vie
|
| 044 |
# |
# |
|a vn
|
| 100 |
# |
# |
|a Lê Quang.
|
| 245 |
# |
# |
|a Tôn Đức Thắng, người đầu tiên /
|c Lê Quang.
|
| 653 |
# |
# |
|a Bảo vệ hoà bình
|
| 653 |
# |
# |
|a Cách mạng tháng Mười Nga
|
| 653 |
# |
# |
|a Chính trị gia
|
| 773 |
# |
# |
|t Tạp chí lịch sử Đảng
|g Số 5, 1991, tr. 28-30
|
| 920 |
# |
# |
|a Phòng Tạp chí -- Trung tâm Thông tin - Thư viện Trường Đại học Đà Lạt
|
| 994 |
# |
# |
|a DLU
|
| 900 |
# |
# |
|a True
|
| 911 |
# |
# |
|a Nguyễn Thị Linh Chi
|
| 925 |
# |
# |
|a G
|
| 926 |
# |
# |
|a A
|
| 927 |
# |
# |
|a BB
|
| 980 |
# |
# |
|a Thư viện Trường Đại học Đà Lạt
|